000 00543nam a2200181 i 4500
001 72691
003 ES-MaACL
005 20230906171525.0
007 t|
008 040902s1969 sp ||||1| spa d
100 1 _aGodard, André.
_957499
245 1 3 _aEl arte del Irán /
_cAndré Godard ; traducción Francisco Presedo.
250 _a[1ª ed.].
260 _aBarcelona :
_bJuventud,
_c[1969]
300 _a399 p., 85 lám. :
_bil. ;
_c24 cm.
700 1 _aPresedo, Francisco (
_d1923-2000)
_993779
852 _aES-MaACL
_jC-37951
_bR.72821
999 _c72691
_d72691